Transmisión materno-fetal de anticuerpos ascaridianos (Record no. 136147)
[ view plain ]
| 000 -LEADER | |
|---|---|
| campo de control de longitud fija | 00640nam a2200169 4500 |
| 001 - NÚMERO DE CONTROL | |
| campo de control | 136147 |
| 003 - IDENTIFICADOR DE NÚMERO DE CONTROL | |
| campo de control | ES-MaACL |
| 005 - FECHA Y HORA DE LA ÚLTIMA TRANSACCIÓN | |
| campo de control | 20230906195039.0 |
| 007 - CAMPO FIJO DE DESCRIPCIÓN FÍSICA--INFORMACIÓN GENERAL | |
| campo de control de longitud fija | t| |
| 008 - DATOS DE LONGITUD FIJA--INFORMACIÓN GENERAL | |
| campo de control de longitud fija | 070214s1958 sp r ||||1| spa d |
| 100 1# - ENTRADA PRINCIPAL--NOMBRE DE PERSONA | |
| Nombre de persona | Ruiz del Rincón, Esteban Cecilio. |
| 9 (RLIN) | 100781 |
| 245 10 - MENCIÓN DEL TÍTULO | |
| Título | Transmisión materno-fetal de anticuerpos ascaridianos |
| Resto del título | : tesis doctoral / |
| Mención de responsabilidad, etc. | por Esteban Cecilio Ruiz del Rincón. |
| 260 ## - PUBLICACIÓN, DISTRIBUCIÓN, ETC. | |
| Lugar de publicación, distribución, etc. | Granada : |
| Nombre del editor, distribuidor, etc. | [s. n.], |
| Fecha de publicación, distribución, etc. | 1958 ( |
| Fabricante | Imp. Urania) |
| 300 ## - DESCRIPCIÓN FÍSICA | |
| Extensión | 28 h. ; |
| Dimensiones | 24 cm + |
| Material acompañante/anejo | 1 gráf. pleg. |
| 500 ## - NOTA GENERAL | |
| Nota general | Separata de: Revista Ibérica de Parasitología, t. XVIII, julio 1958, p. 256-308. |
| 852 ## - LOCALIZACIÓN | |
| Ubicación | ES-MaACL |
| Número de control de estantería | 2006-F-4 |
| Sublocalización o colección | R.42670 |
| Estatus retirado | Estado de pérdida | Estado de daño | No para préstamo | Colección | Biblioteca de origen | Biblioteca actual | Ubicación en estantería | Fecha de adquisición | Fuente de adquisición | Total de préstamos | Signatura topográfica completa | Código de barras | Visto por última vez | Precio de reemplazo | Tipo de ítem Koha |
|---|---|---|---|---|---|---|---|---|---|---|---|---|---|---|---|
| Colección de folletos | Biblioteca del Ateneo de Madrid | Biblioteca del Ateneo de Madrid | Depósito folletos | 17/01/2008 | 2006-F-4 | 1141696 | 23/02/2023 | 23/02/2023 | Folleto |
